Gestión estratégica del talento humano en el sector público : (Registro nro. 7069)

Detalles MARC
000 -LEADER
fixed length control field 02389cam a2200265 i 4500
003 - CONTROL NUMBER IDENTIFIER
control field OSt
005 - DATE AND TIME OF LATEST TRANSACTION
control field 20210119172522.0
008 - FIXED-LENGTH DATA ELEMENTS--GENERAL INFORMATION
fixed length control field 160413s2015 ck ad r 000 0 spa d
020 ## - INTERNATIONAL STANDARD BOOK NUMBER
International Standard Book Number 9789587741599
040 ## - CATALOGING SOURCE
Original cataloging agency CO-BoPUJ
Transcribing agency CO-JMCR
041 0# - LANGUAGE CODE
Language code of text/sound track or separate title spa
082 04 - DEWEY DECIMAL CLASSIFICATION NUMBER
Classification number 352.6 /
Item number S197g
Edition number 23
100 1# - MAIN ENTRY--PERSONAL NAME
Personal name Sanabria Pulido, Pedro Pablo,
Relator term compilador
9 (RLIN) 12890
245 10 - TITLE STATEMENT
Title Gestión estratégica del talento humano en el sector público :
Remainder of title estado del arte, diagnóstico y recomendaciones para el caso colombiano /
Statement of responsibility, etc. Pedro Pablo Sanabria Pulido (compilador)
250 ## - EDITION STATEMENT
Edition statement Primera edición.
264 #1 - PRODUCTION, PUBLICATION, DISTRIBUTION, MANUFACTURE, AND COPYRIGHT NOTICE
Place of production, publication, distribution, manufacture Bogotá :
Name of producer, publisher, distributor, manufacturer Universidad de los Andes, Escuela de Gobierno Alberto Lleras Camargo,
Date of production, publication, distribution, manufacture, or copyright notice 2015
300 ## - PHYSICAL DESCRIPTION
Extent 365 páginas :
Other physical details ilustraciones, gráficas a color y blanco y negro ;
Dimensions 24 cm.
490 0# - SERIES STATEMENT
Series statement Investigación EGOB, gestión pública
500 ## - GENERAL NOTE
General note Datos biográficos del autor en solapa frontal.
504 ## - BIBLIOGRAPHY, ETC. NOTE
Bibliography, etc. note Incluye referencias bibliográficas
505 0# - FORMATTED CONTENTS NOTE
Title Estado del arte de la gestión estratégica del talento humano en el sector público: teoría y práctica /
Statement of responsibility Pedro Pablo Sanabria Pulido --
Title Análisis institucional de la evolución de la política pública de gestión del talento humano en Colombia /
Statement of responsibility Jaime Torres --
Title El diagnostico desde dentro: estado actual de la gestión del talento humano en las organizaciones públicas colombianas a partir de la visión de expertos en las unidades de personal /
Statement of responsibility Maite Carega Tagueña --
Title Voces y vivencias: la gestión del talento humano vista desde adentro de las organizaciones públicas colombianas /
Statement of responsibility Sonia M. Ospina Bossi ; Angélica Diaz
-- Amparo Hofmann- Pinilla --
Title Evaluación del statu quo normativo y jurisprudencial de la gestión del talento humano en el sector público colombiano /
Statement of responsibility Enrique Borda Villegas ;
-- Angélica Diaz Ortiz --
Title Análisis del statu quo de las practicas de las unidades del personal en el sector público colombiano /
Statement of responsibility Luis Díaz Matajira ;
-- Paula Liliana Rozo Posada --
Title Lineamientos para una política de talento humano en sector público colombiano
Statement of responsibility Pedro Pablo Sanabria Pulido
Title Resultados de la socialización de recomendaciones en el nivel regional /
Statement of responsibility Pedro Pablo Sanabria Pulido
650 14 - SUBJECT ADDED ENTRY--TOPICAL TERM
Topical term or geographic name entry element Función pública
General subdivision Administración de personal
-- Investigaciones
Geographic subdivision Colombia
9 (RLIN) 12891
650 24 - SUBJECT ADDED ENTRY--TOPICAL TERM
Topical term or geographic name entry element Administración de personal
General subdivision Investigaciones
Geographic subdivision Colombia
9 (RLIN) 12892
942 ## - ADDED ENTRY ELEMENTS (KOHA)
Source of classification or shelving scheme Dewey Decimal Classification
Koha item type Books
Existencias
Withdrawn status Lost status Source of classification or shelving scheme Damaged status Not for loan Home library Current library Shelving location Date acquired Source of acquisition Total Checkouts Full call number Barcode Date last seen Date last checked out Copy number Price effective from Koha item type
    Dewey Decimal Classification     Biblioteca Pública José María del Castillo y Rada Biblioteca Pública José María del Castillo y Rada General Stacks 04/15/2018 Donación 1 352.6 / S197g 201810171 05/16/2024 02/06/2024 Ej.1 04/15/2018 Books